[Event "Tilburg"]
[Site "Tilburg"]
[Date "1993.??.??"]
[Round "3"]
[White "Agdestein, Simen"]
[Black "Ivanchuk, Vassily"]
[Result "1-0"]
[WhiteElo "2610"]
[BlackElo "2705"]
[Annotator "Ftacnik,L"]
[PlyCount "61"]
[EventDate "1993.11.??"]
[EventType "k.o."]
[EventRounds "7"]
[EventCountry "NED"]
[SourceTitle "CBM 039"]
[Source "ChessBase"]
[SourceDate "1994.04.01"]
[SourceVersion "1"]
[SourceVersionDate "1994.04.01"]
[SourceQuality "1"]

1. c4 Nf6 2. Nf3 c5 3. Nc3 d5 4. cxd5 Nxd5 5. g3 Nxc3 6. bxc3 b6 $5 7. Bg2 (7.
c4 Bb7 8. Bb2 Bxf3 $5 9. exf3 Nc6 $13) 7... Bb7 8. c4 e5 9. Bb2 Bd6 (9... e4 $2
10. Nh4 $16) 10. O-O Qc7 11. Nh4 $1 (11. d3 O-O 12. e4 $14) 11... Bxg2 12. Nxg2
Nc6 13. e4 $1 O-O 14. Ne3 Qd7 (14... Ne7 15. Qg4 (15. f4 exf4 16. Qg4 Be5 $1
17. Bxe5 Qxe5 18. Qxf4 Qd4 $13) 15... Rad8 16. f4 $14) 15. Bc3 Rfe8 (15... g6 {
/\ f5}) 16. a4 (16. d3 Rad8 17. f4 exf4 18. gxf4 Bf8 19. Nd5 Ne7 $14) 16... a5
17. h4 (17. d3 Nb4 18. f4 exf4 19. gxf4 Bf8 20. Nd5 Nxd5 21. cxd5 c4 $132)
17... Nb4 18. Qf3 Rad8 19. Kg2 (19. h5 Re6 20. Ng4 Qe7 $13) 19... Qe6 20. h5
Be7 21. Qg4 Qxg4 22. Nxg4 Bg5 (22... f6 23. h6 g6 24. f4 Nd3 25. fxe5 (25. Rf3
exf4 26. gxf4 g5 27. Nxf6+ Bxf6 28. Bxf6 Nxf4+ 29. Kh1 Rd3 30. Rxd3 Nxd3 31. e5
Kf7 $13) 25... Nxe5 26. Nxf6+ (26. Nxe5 fxe5 27. Rab1 Bg5 28. Rxb6 Bxd2 29.
Bxd2 Rxd2+ 30. Kh3 Rd4 31. Rb7 $18) 26... Bxf6 27. Rxf6 Nxc4 $132) 23. Bxe5 (
23. Ne3 Bxe3 24. fxe3 Nd3 $15) (23. Rad1 $10) 23... f6 $2 (23... Rxd2 $1 24.
Kh3 $5 (24. h6 f6 25. Bc7 Rxe4 $17) (24. Rad1 Red8 (24... f6 25. Rxd2 Bxd2 26.
Rd1 Bg5 27. f4 $1) 25. Rxd2 Rxd2 26. h6 $5 Bxh6 $13) 24... f6 25. f4 fxe5 26.
fxg5) 24. f4 $1 fxe5 25. fxg5 Rd4 (25... Rxd2+ 26. Kh3 Rd4 27. h6 Rxc4 28. hxg7
Kxg7 29. Nh6 $40) 26. Kh3 Rxe4 27. h6 $1 Rxc4 $2 (27... Rd4 28. hxg7 Kxg7 29.
Rf6 Rxd2 30. Raf1 $40) 28. hxg7 Kxg7 (28... Rd8 29. Nh6+ Kxg7 30. Rf7+ Kg6 31.
Rf6+ Kg7 (31... Kxg5 32. Raf1 Rf4 33. R6xf4 exf4 34. Nf7+ $18) 32. Raf1 Nd5 33.
Re6 Rf8 34. Nf5+ Kh8 35. Rxe5 Nb4 36. Nh6 $18) 29. Ne3 $1 Re4 $2 (29... Rd4 30.
Nf5+ Kg8 31. Nxd4 exd4 32. Rae1 $18) 30. Nf5+ Kg6 31. Nd6 1-0

[Event "Rome"]
[Site "Rome"]
[Date "1981.??.??"]
[Round "?"]
[White "Kortschnoj, Viktor Lvovich"]
[Black "Makropoulos, Georgios"]
[Result "1-0"]
[WhiteElo "2650"]
[BlackElo "2485"]
[Annotator "Gagarin,V"]
[PlyCount "44"]
[EventDate "1981.02.??"]
[EventType "tourn"]
[EventRounds "9"]
[EventCountry "ITA"]
[EventCategory "10"]
[SourceTitle "MCL"]
[Source "ChessBase"]
[SourceDate "1999.07.01"]
[SourceVersion "1"]
[SourceVersionDate "1999.07.01"]
[SourceQuality "1"]

1. Nf3 c5 2. c4 Nf6 3. Nc3 b6 4. e4 d6 5. d4 cxd4 6. Nxd4 Bb7 7. Qe2 $5 e6 (
7... Nbd7 8. g3 Rc8 $6 (8... e6) 9. Bg2 a6 10. O-O Qc7 $6 (10... e6) 11. b3 e6
12. Nd5 $1 Qb8 (12... exd5 13. exd5+ Kd8 14. Bb2 $36) 13. Rd1 $1 g6 (13... exd5
14. exd5+ Kd8 15. Nc6+ Bxc6 16. dxc6 Nc5 17. b4 $16 {Kasparov}) 14. Bg5 $1 Bg7
15. Bxf6 $1 Nxf6 16. Nxb6 $16 {Kasparov,G-Salov,V/WCup Barcelona/1989/1:0/29/})
8. g3 Nbd7 (8... Nc6 $5 9. Nxc6 Bxc6 10. Bg2 Be7 11. O-O Nd7 12. Re1 Bb7 13. e5
Bxg2 14. exd6 Bxd6 15. Kxg2 O-O 16. Rd1 Be7 17. Bf4 Qc8 18. Bd6 Re8 19. Bxe7
Rxe7 $10 {Kramnik,V-Adams,M/Groningen/1993/1/2-1/2/32/}) (8... g6 $6 9. Bg2 a6
10. O-O Nbd7 11. Rd1 $1 Qb8 12. a4 $1 Bg7 13. a5 O-O 14. axb6 Nxb6 15. Nb3 $1
Ra7 16. Bf4 e5 17. Be3 $16 {Petrosian,T-Psakhis,L/Las Palmas izt/1:0/34/}) (
8... a6 9. Bg2 Qc7 10. O-O Be7 11. Be3 (11. Kh1 Nbd7 12. Bd2 O-O 13. f4 Rfe8
14. Rae1 Nf8 15. g4 N6d7 16. g5 Rac8 17. b3 Qb8 18. Qf2 $14 {Smeikal,J-Csom,I/
Marseille/1986/1:0/34/}) 11... Nbd7 (11... O-O 12. Rac1 Re8 13. h3 Nbd7 14. g4
h6 15. f4 Nh7 16. b3 Rac8 17. Kh1 $14 {Ehlvest,J-Kudrin,S/New York/1991/1/2-1/
2/24/}) 12. Rac1 Rc8 13. b3 Qb8 14. Bd2 O-O 15. g4 $1 g6 16. g5 Ne8 17. Bh3 $1
{P e6} Ng7 18. f4 Rce8 19. Qf2 Qd8 20. Rcd1 $14 {Korchnoi,V-Csom,I/Roma/1981/1:
0/33/}) (8... Be7 9. Bg2 Nbd7 10. O-O Qc7 11. Bd2 a6 12. a4 Ne5 13. b3 Nc6 14.
Nxc6 Bxc6 15. Rac1 Bb7 16. Rfd1 O-O $14 {Portisch,L-Georgiev,Ki/Thessaloniki
ol/1988/1/2-1/2/25/}) 9. Bg2 a6 10. O-O Rc8 11. Bd2 Qc7 12. b3 b5 $2 (12... Be7
$14) 13. cxb5 $16 Qb6 (13... axb5 14. Ndxb5 $16 (14. Ncxb5 $16)) 14. Qd3 Ne5 (
14... Nc5 15. Na4 $1 $16) (14... axb5 15. Ndxb5 Nc5 16. Qe2 Ncxe4 17. Nxe4 Nxe4
18. Bxe4 Bxe4 19. Qxe4 Qxb5 20. Rfc1 $16) 15. Na4 $1 Qa7 (15... Nxd3 16. Nxb6
Rb8 17. bxa6 Bxa6 18. Ba5 $18) 16. b6 $1 Qa8 $2 (16... Nxd3 17. bxa7 Ra8 $16 (
17... Bxe4 18. Bxe4 Nxe4 19. Nb6 $18) (17... Nxe4 18. Nb6 Rd8 19. a8=Q Rxa8 20.
Nxa8 Bxa8 21. Ba5 $18)) 17. Qe2 $18 Nxe4 (17... Bxe4 18. Bxe4 Qxe4 (18... Nxe4
19. Rac1 Rxc1 20. Rxc1 Be7 21. Rc7 $18) 19. Qxa6 Rd8 20. Be3 $18) 18. Rfc1 Nc5
(18... d5 19. f3 Nxd2 20. Qxe5 $18) (18... Nxd2 19. Bxb7 Qxb7 20. Qxd2 Be7 21.
Rxc8+ Qxc8 22. Rc1 $18) (18... Nf6 19. Rxc8+ Qxc8 20. Rc1 Qa8 21. Bxb7 Qxb7 22.
Rc7 $18) 19. Bxb7 Qxb7 (19... Nxb7 20. Rxc8+ Qxc8 21. Qxa6 $18 {P c1}) 20. Nxc5
Rxc5 (20... dxc5 21. Qxe5 cxd4 22. Rxc8+ Qxc8 23. Rc1 $18) 21. Rxc5 dxc5 22.
Qxe5 cxd4 (22... cxd4 23. Qxd4 $18 {P c1}) 1-0

[Event "Dos Hermanas"]
[Site "Dos Hermanas"]
[Date "1996.06.01"]
[Round "9"]
[White "Gelfand, Boris"]
[Black "Kasparov, Garry"]
[Result "0-1"]
[WhiteElo "2700"]
[BlackElo "2775"]
[Annotator "Gelfand,B"]
[PlyCount "114"]
[EventDate "1996.05.21"]
[EventType "tourn"]
[EventRounds "9"]
[EventCountry "ESP"]
[EventCategory "19"]
[SourceTitle "CBM 053"]
[Source "ChessBase"]
[SourceDate "1996.08.01"]
[SourceVersion "1"]
[SourceVersionDate "1996.08.01"]
[SourceQuality "1"]

1. Nf3 {Hecht} c5 2. c4 Nc6 3. Nc3 e5 4. e3 Nf6 5. d4 cxd4 6. exd4 e4 7. Ng5
Bb4 8. d5 Ne5 9. Qb3 a5 $1 $146 (9... Bxc3+ 10. Qxc3 d6 11. f4 Ned7 $13) (9...
Qe7 10. Bd2 O-O 11. Ncxe4 Bxd2+ 12. Kxd2 d6 $44 {Gurevic,M-Yudasin,L,
Sverdlovsk,1984,38/63}) 10. Bd2 (10. a3 Bxc3+ 11. Qxc3 d6 12. f4 (12. f3 O-O)
12... Ned7 $132 {xb3}) 10... O-O (10... Qe7 11. O-O-O Bxc3 12. Bxc3) 11. O-O-O
(11. Ngxe4 Nxe4 12. Nxe4 Qh4 $1 $44) 11... d6 $1 (11... Bxc3 12. Bxc3 d6 13. f3
(13. f4 Ned7 $13) 13... Bf5 14. Bxe5 dxe5 15. Qc2 (15. fxe4 Nxe4 16. Nxe4 Bxe4
17. Qe3 f5 18. Bd3 $10) 15... Qb6 16. Nxe4 Nxe4 (16... Bxe4 17. fxe4 Qe3+ 18.
Kb1 Nxe4 19. Bd3) 17. fxe4 Qe3+ 18. Kb1 Bxe4 19. Bd3 Bxd3 20. Rxd3 Qc5 21. d6
$14) 12. Ngxe4 Nxe4 (12... Bf5 $5 13. Bg5 (13. Ng3 Bd7 $44) 13... Nxe4 $3 {
Kasparov,G} 14. Bxd8 Nc5 15. Bb6 Nxb3+ 16. axb3 Bxc3 17. bxc3 a4 18. Kb2 (18.
b4 Rfc8 $17) 18... axb3 19. Kxb3 Nd7 20. Bd4 b6 21. Bd3 Bxd3 22. Rxd3 Nc5+ 23.
Bxc5 bxc5 24. Rd2 $10 Rfb8+ 25. Kc2 Ra2+ 26. Kd3 Rxd2+ 27. Kxd2 Rb2+ 28. Ke3)
13. Nxe4 Bf5 (13... Qh4 $5) 14. Ng3 Bd7 $5 (14... Qf6 15. f4 Nd7 16. Nxf5 Qxf5
17. Qf3 Bxd2+ 18. Rxd2 Nc5 19. Bd3 Qf6 $14) 15. Kb1 (15. f3 Qe8 16. Bxb4 axb4)
15... Qe8 $2 (15... Ng4 16. Qf3 Qb6 17. Bd3 $1 Qxf2 18. Ne4 $13 Qxf3 19. gxf3
f5 20. fxg4 fxe4 21. Bxe4 Bxg4 22. Rdg1 $10) 16. Bxb4 Ba4 (16... axb4 17. Qxb4
f6 $16) 17. Qe3 axb4 18. b3 Bd7 19. Be2 Qc8 (19... f5 20. f4 Nxc4 21. Qxe8 Na3+
22. Kb2 Rfxe8 23. Rd4 Rac8 24. Bd1 $18) 20. Rd2 Re8 21. Qb6 $2 (21. Qd4 $1 Qc5
22. Qxc5 dxc5 $16) (21. Qf4 $5 $16) 21... Bf5+ 22. Ka1 Nd7 23. Qxb4 Nc5 $44 24.
Kb2 (24. Qc3 Ra3) 24... Bg6 25. Qc3 Qc7 26. f4 (26. Bd1 Qb6 27. Kc1 Ra3 $44) (
26. h4 Qb6 27. Kc1 h6 $13) 26... Qb6 27. Kc1 Be4 $6 (27... f6 $1 28. f5 Bf7 $44
) 28. Bd1 (28. Re1 Qa6 29. Bg4 Qa3+ (29... Nd3+ 30. Rxd3 Bxd3 31. Rxe8+ Rxe8
32. Qxd3 Qxa2 33. Ne2 $16) 30. Kd1 g6 $13 (30... Bb1 31. Rxe8+ Rxe8 32. Nf5))
28... Nd3+ (28... Ra3 29. Re1) 29. Rxd3 Bxd3 30. Qxd3 Rxa2 31. Bc2 g6 $2 $138 (
31... Re3 $3 32. Qxh7+ Kf8 33. Qh8+ Ke7 34. Nf5+ Kd7 35. Nxe3 Qxe3+ 36. Kb1
Rxc2 37. Kxc2 (37. Qh3+ Qxh3 38. gxh3 Rf2 39. Rg1 g6 $10) 37... Qe2+ $10) 32.
Ne4 $18 Ra1+ 33. Bb1 (33. Kb2 Rxh1 34. Nf6+ Kg7 35. Nxe8+ Kf8 36. Nf6 Qa7 $13 (
36... Qg1 $13)) 33... Rxe4 34. Qxe4 Qxb3 35. Qc2 Qe3+ 36. Kd1 Qxf4 37. Re1 Qd4+
38. Ke2 Qf6 39. Qd2 Qe5+ 40. Kf1 $4 $138 (40. Kf2 $18 Rxb1 41. Rxe5 $18) 40...
Rxb1 41. Rxb1 Qf5+ 42. Ke2 Qxb1 $19 43. Qf4 Qc2+ 44. Kf1 Qb1+ (44... Qf5 $2 45.
Qxf5 gxf5 46. Ke2 Kg7 47. Ke3 Kf6 48. Kd4 h6 49. Kc3 Ke5 50. Kb4 Kd4 51. Kb5
$10) 45. Ke2 Qb4 46. Kf3 Qc3+ 47. Ke2 Qe5+ 48. Qxe5 dxe5 {Hecht: [#] B-B
verteilte Bauernmehrheiten, Tempospiel, K-Lenkung zwecks Übergang in ein
gewonnenes 2.Bauernedspiel nach Tausch der neu entstandenen Damen} 49. c5 Kf8
50. Kd3 f5 51. Kc4 e4 (51... Ke7 $5 {Hecht} 52. Kb5 Kd7 53. Kb6 Kc8 54. d6 e4
55. d7+ Kxd7 56. Kxb7 e3 57. c6+ Ke7 58. c7 e2 59. c8=Q e1=Q 60. Qc7+ Kf6 61.
Qxh7 Qe4+ 62. Ka6 Qxg2 $19) 52. Kb5 e3 53. c6 bxc6+ 54. dxc6 Ke7 55. Kb6 e2 56.
c7 e1=Q 57. c8=Q Qe6+ 0-1

[Event "Vienna Millenium"]
[Site "Vienna"]
[Date "1996.08.09"]
[Round "1"]
[White "Gelfand, Boris"]
[Black "Leko, Peter"]
[Result "1/2-1/2"]
[WhiteElo "2665"]
[BlackElo "2630"]
[Annotator "Gelfand,B"]
[PlyCount "118"]
[EventDate "1996.08.09"]
[EventType "tourn"]
[EventRounds "9"]
[EventCountry "AUT"]
[EventCategory "18"]
[SourceTitle "CBM 055"]
[Source "ChessBase"]
[SourceDate "1996.12.01"]
[SourceVersion "1"]
[SourceVersionDate "1996.12.01"]
[SourceQuality "1"]

1. c4 c5 2. Nf3 Nf6 3. Nc3 Nc6 4. g3 d5 5. d4 cxd4 6. Nxd4 dxc4 7. Nxc6 Qxd1+
8. Nxd1 bxc6 9. Bg2 Nd5 10. Ne3 e6 11. Nxc4 Ba6 12. b3 Bb4+ 13. Bd2 Bxd2+ 14.
Nxd2 Nb4 15. Kd1 $5 {N} Ke7 16. a3 Nd5 17. Rc1 (17. Ne4 $5) 17... Rac8 18. Ne4
c5 $1 $8 {The only move.If White would put his Knight on c5,Black would be in
trouble} (18... Rhd8 19. Nc5 $1 Ne3+ 20. Ke1 Nxg2+ 21. Kf1 $18) 19. Nxc5 Rhd8
20. Ke1 Nb6 21. f4 Nd7 22. b4 Nxc5 (22... Rc7 23. Kf2 Rdc8 24. Nb3 Rc3 25. Rxc3
Rxc3 26. Nd4) 23. bxc5 (23. Rxc5 Rxc5 24. bxc5 Rc8 25. c6 Bb5 $10) 23... Rc7
24. c6 (24. Kf2 Rdc8 25. c6 Bb5) 24... Bb5 25. Rc5 a6 26. Kf2 Rdc8 27. Rb1 (27.
Rhc1 Kd6 28. e4 Bxc6 29. e5+ Kd7 30. Bf1 Bb5 (30... Bb7 31. Rxc7+ Rxc7 32.
Rxc7+ Kxc7 33. Ke3 Kb6 34. Bd3 g6 35. Kd4 h5 $10) 31. Bxb5+ axb5 32. Rd1+ Ke8
33. Rxb5 Rc2+ 34. Ke3 Ra8 35. Rd3 Rxh2 $10) 27... Bxc6 28. Bxc6 Rxc6 29. Rb7+
Kf8 30. Ra5 Rd6 {White s rooks are more active,but this is not enough to win}
31. Ra7 Rcc6 32. h4 h6 33. Ra8+ Ke7 34. Ra7+ Kf8 35. a4 g6 36. h5 Kg7 37. hxg6
Kxg6 38. g4 Rb6 39. Ra8 Kg7 40. Ra7 Kg6 41. e3 Rdc6 42. Kf3 Kg7 43. Ra8 Rd6 (
43... Kg6 $5) 44. Rc5 Rbc6 45. Rxc6 Rxc6 46. a5 Kg6 47. Ra7 (47. e4 $5) 47...
Kf6 48. Ke2 (48. e4 e5 $10) 48... Rd6 49. Ra8 Kg6 50. e4 h5 51. gxh5+ Kxh5 52.
Ke3 Rc6 53. Ra7 f5 54. e5 Rc3+ 55. Kd4 Ra3 56. Rxa6 Kg4 57. Kc5 Kxf4 58. Kd6 (
58. Kb4 Ra1 59. Rxe6 Ke4 60. Kb5 f4 61. a6 f3 62. Rf6 Kxe5 63. Rxf3 Kd6 $10)
58... Rd3+ 59. Kxe6 Re3 1/2-1/2

[Event "ISR-chT"]
[Site "Israel"]
[Date "2002.01.12"]
[Round "1"]
[White "Gofshtein, Leonid D"]
[Black "Gershon, Alik"]
[Result "1-0"]
[WhiteElo "2498"]
[BlackElo "2558"]
[Annotator "Gofshtein,L"]
[PlyCount "81"]
[EventDate "2002.01.10"]
[EventType "team"]
[EventRounds "11"]
[EventCountry "ISR"]
[SourceTitle "CBM 088"]
[Source "ChessBase"]
[SourceDate "2002.03.21"]
[SourceVersion "1"]
[SourceVersionDate "2002.03.21"]
[SourceQuality "1"]

1. Nf3 c5 2. c4 Nc6 3. Nc3 e5 4. e3 Nf6 5. Be2 {A rare move. More common such
possibilities as:} (5. d4 e4 (5... cxd4 6. exd4 e4 7. Ng5 Bb4 $13) 6. Ne5 cxd4
7. exd4 Bb4 8. Be2 Qa5 9. Nxc6 dxc6 10. O-O O-O 11. Bd2 Re8 $13 {Hansen,
C-Cramling,P Hamburg SKA 1990} (11... Rd8 12. a3 Bxc3 13. Bxc3 $14 {Franco,
Z-Polgar,J Salamanca 1989})) (5. b3 d5 (5... g6 6. Bb2 Bg7 7. Be2 (7. Nd5 d6 8.
Nxf6+ Bxf6 9. d3 O-O 10. Be2 Bg7 11. Qc2 d5 12. cxd5 Qxd5 13. O-O b6 14. a3 Bb7
15. Bc3 Rac8 16. Qb2 a5 {0-1 Horvath,C-Almasi,Z/Lillafured 1999/CBM 70_07 (64)}
) 7... O-O 8. d3 d5 9. cxd5 Nxd5 10. Rc1 Be6 11. O-O b6 $11) 6. cxd5 Nxd5 7.
Nxd5 Qxd5 8. Bc4 Qd8 9. Bb2 Bd6 10. Qb1 $14 {Murey,Y-Polgar,Zsu New York op
1989 CBM/12} f6) (5. a3 Be7 6. d4 cxd4 7. exd4 exd4 8. Nxd4 O-O (8... d5 $6 9.
cxd5 Nxd5 10. Nxc6 bxc6 11. Nxd5 Qxd5 $14 (11... cxd5 12. Bb5+ Bd7 13. Qxd5 $16
)) 9. Nc2 b6 $11) (5. d4 $5) (5. a3 $5) 5... d6 {The option probably prompted
by indesition.More used 5...d5 and 5...Be7:} (5... d5 6. cxd5 (6. d4 $5 exd4 (
6... cxd4 7. exd4 e4 8. Ne5 $14) (6... e4 7. Ne5 $14) 7. exd4 Be6 8. Be3 dxc4 (
8... cxd4 9. Nxd4 Nxd4 10. Bxd4 dxc4 11. O-O $36) 9. O-O Be7 (9... cxd4 10.
Nxd4 Nxd4 11. Bxd4 Be7 12. Qa4+ $14) 10. dxc5 Qa5 (10... Ng4 $5) (10... O-O 11.
Qa4 $14) 11. Qa4 Nd7 $2 (11... O-O $5) 12. Qxa5 Nxa5 13. Nb5 $14 {[%mdl 2048]
1-0 Sorokin,M-Maiorov,O/Krasnodar 1999.}) 6... Nxd5 7. Qa4 $5 (7. Bb5 $5) (7.
O-O $6 Nc7 (7... Nxc3 8. dxc3 Qc7 9. e4 Be7 10. Nd2 Be6 11. Nc4 Rd8 12. Qc2 O-O
13. Ne3 $14 {1-0 Zvjaginsev,V-Obodchuk,A/Poikovsky RUS 2001/The Week in Chess
341 (57)}) 8. b3 (8. a3 Be7 9. Qc2 (9. Rb1 a5 10. b3 O-O 11. Bb2 Bf5 12. d3 Ne6
13. Ne4 Qc7 14. Qc2 Bg6 15. Qc4 Rad8 {0-1 Olafsson,H-Ernst,T/Gausdal 1985/MCD 
(40)}) 9... O-O 10. Ne4 (10. d3 $11) (10. b3 $11) 10... Ne6 (10... b6 11. d3
$11 (11. b4 $6 {[%cal Gc2c6]} f5 $15)) 11. b3 Bd7 $11 {0-1 Babiy,A-Filippov,V/
St. Petersburg 1999/CBM 71} (11... f5 12. Nc3 e4 13. Ne1)) 8... Be7 9. Bb2 O-O
10. Rc1 b6 11. Nb5 $6 (11. d3) (11. a3) (11. Qc2 $5 {Ribli}) 11... e4 12. Ne1
Bb7 $132 {0-1 Wirthensohn,H-Hansen,C/Hamburg 1991/CBM 24/[Hansen,Cu] (32)} (
12... Bf5 13. a3 $5)) (7. Bb5 Nxc3 8. bxc3 Bd6 9. Qc2 O-O 10. O-O Qe7 11. e4
Bd7 12. Bc4 Be6 13. Bxe6 Qxe6 14. d3 Na5 15. Rb1 Rfd8 {1/2-1/2 Ionov,S-Levin,F/
Dortmund 1992/TD (15)}) 7... Nxc3 8. dxc3 Bd6 9. e4 O-O 10. O-O Bd7 11. Qc2 Qc7
12. Nd2 Na5 13. Rd1 Be6 14. Nf1 c4 15. Ne3 $14 {1/2-1/2 Ibragimov,I-Ernst,T/
Skelleftea SWE 1999 (40)}) (5... Be7 6. d4 (6. O-O O-O 7. Qc2 d5 8. cxd5 Nxd5
9. Nxd5 Qxd5 10. Bc4 Qd6 11. b3 Be6 12. Ba3 Rac8 13. Rfd1 Bd5 14. Rac1 e4 15.
Ne1 Ne5 16. Bxd5 Qxd5 $132 {1/2-1/2 Pinter,J-Horvath,J/Maierhofen/Zillertal
AUT 2000/The Week in Chess 337 (53)}) 6... exd4 7. exd4 d5 8. dxc5 (8. O-O O-O
(8... Be6 $11) 9. Be3 (9. dxc5 dxc4 10. Qxd8 Rxd8 11. Bxc4 Bxc5 12. Bg5 Be7 13.
Rfe1 h6 14. Bf4 Kf8 $11 {Kengis,E-Chuchelov,V/BL2-W9697/}) (9. cxd5 Nxd5 10.
Nxd5 Qxd5 11. dxc5 Qxc5 12. Be3 Qb4 13. Qc2 Be6 $11 {Bezold,M-Milov,L/
BL2-O9697/}) 9... cxd4 (9... dxc4 10. d5 Na5 11. h3 a6 12. a4 Bf5 $13) 10. Nxd4
$11 dxc4 $146 (10... Nxd4 11. Bxd4 dxc4 12. Bxc4 $11 b6 13. Qa4 Bd7 (13... Bb7
14. Rad1 $14 {[%csl Rd8]}) 14. Qb3 Bc6 $14) 11. Nxc6 bxc6 12. Bxc4 $14 {
[%csl Rc6] 1/2-1/2 Comas Fabrego,L-Bareev,E/New York 1998/CBM 64}) (8. Be3 $5
cxd4 9. Nxd4 Nxd4 (9... O-O 10. Nxc6 bxc6 11. cxd5 Nxd5 12. Nxd5 cxd5 13. O-O
Bf5 14. Qd2 Rc8 15. Rac1 Qd7 16. Bf3 Rxc1 17. Rxc1 Rd8 18. Bd4 $14 {Malakhov,
V-Fogarasi,T/Balatonbereny/1995}) 10. Qxd4 dxc4 11. Qxd8+ Bxd8 12. Bxc4 $14 {
Ivanchuk,V-Anand,W/Manila olm/1992/ (17)}) (8. Bg5 cxd4 9. Nxd4 Nxd4 10. Qxd4
dxc4 $11) 8... d4 9. Na4 O-O 10. O-O Ne4 11. Bd3 f5 12. Re1 Bf6 13. Bxe4 fxe4
14. Rxe4 Bf5 15. Rf4 $44 {1/2-1/2 Deutsch,L-Kwatschewsky,L/AUT-chT2S 9697 1996/
EXT 99 (53)}) 6. d4 {Another way is:} (6. O-O Be7 7. d4 O-O 8. b3 h6 9. dxc5
dxc5 10. Qc2 $14 {1/2-1/2 Minaya,J-Herrera,I/Bogota 1997/EXT 98 (59)}) 6...
cxd4 (6... e4 $6 {Contraversial point is:} 7. Nd2 Bf5 8. g4 $16 {1/2-1/2
Ibragimov,I-Herrera,I/Anibal Open ESP 2001/The Week in Chess 323 (34)}) 7. exd4
Be7 8. O-O $146 {[%mdl 8] It could imagine somewhat strange but this move is a
novelty.In game shown undermentioned was:} (8. d5 Nb8 9. h3 Bf5 10. Be3 Ne4 11.
Rc1 O-O $14 {1-0 Zvjaginsev,V-Lajthajm,B/Herceg Novi YUG 2001/The Week in
Chess 344 (37)}) 8... O-O 9. b3 {[%cal Yc1b2,Yb2e5] This move gives the
opportunity to develop the black-square bishop over the diagonal a1-h8.} Re8
10. h3 {The prophylactic is useful.} h6 {Deserved attention the immediate 10...
Bf5.} 11. Be3 Bf5 12. d5 Nb8 13. b4 {Capturing the space over queen's side--s
the main task of white by the moment.} Nbd7 14. Qb3 $5 Bg6 15. Rfd1 {White
bring pieces to the central positions and preparing c4-c5 breakthrough.} Nh5 $6
{Probably better would be 15...Qb8 taking under control the key square
"d6"preventing from c5.} 16. c5 $1 e4 $2 {[%mdl 8192] Decisive mistake.Black
lost tactical blow.Right way is 16...dc} (16... dxc5 17. d6 Bf6 18. bxc5 Nf4
19. Bb5 e4 20. Nd2 Ne6 21. Bxd7 Qxd7 {with counterplay.}) 17. Nd4 $1 Bg5 {
It is hard to advise something better.} (17... dxc5 18. Nc6 $1 bxc6 19. dxc6 {
With big advantage.}) 18. Ne6 $1 $18 Qb8 (18... Qe7 19. cxd6 Qxd6 20. Nb5 $18)
19. Bb5 $6 {Too optimistic.19.Ng5 was a must.} (19. Nxg5 $5 hxg5 20. Bb5 (20.
Bxg5 dxc5 21. Bb5 $18)) 19... Bxe3 20. fxe3 (20. Bxd7 $2 Bxf2+ 21. Kxf2 Re7 22.
Nb5 Rxd7 23. cxd6 a6 $132) 20... Re7 $6 {Stronger was 20...Nhf6 with
counterplay.} (20... Nhf6 $5 $132) 21. Bxd7 Rxd7 22. Nb5 $6 {Too nervous.The
ordinary 22.c6 could gave white clear advantage.} (22. c6 Re7 23. Nd4 $16)
22... dxc5 $2 {22...a6 gave quite a competent game.} (22... a6 $5) 23. Nxc5 $5
(23. d6 fxe6 24. Qxe6+ Rf7 25. Qxg6 Qe8 $132) 23... Rd8 24. d6 $36 b6 25. Na6
Qb7 26. Nac7 Rab8 (26... Rac8 27. Qa3 $16) 27. Qa4 {[%csl Ra7][%cal Yb5a7,
Ya4a7] Pressing on weak point "a7".} Ng3 28. Kf2 {More simple would:} (28. Qxa7
$5 Qc6 29. Kh2 Nf5 30. Rac1 Qd7 31. Qa3 $16) 28... Nf5 29. Rac1 $16 Rd7 $6 (
29... a5 $5 30. Rd5 $5 (30. bxa5 $6 bxa5 $132 31. Qxa5 $2 Nxd6 $1) 30... axb4
31. Qa6 $16) 30. g4 $1 {Throwing black's knight from central squares.} Nh4 31.
Qxa7 $18 f5 32. Qxb7 Rxb7 33. Kg3 Nf3 34. a4 {Creating passed pawn with
decisive threats.} f4+ 35. exf4 Bf7 36. a5 bxa5 37. bxa5 Rb8 38. a6 Bb3 39. a7
Rf8 40. a8=Q Rxa8 41. Nxa8 1-0